000 00832 a2200217 4500
999 _c2466
_d2466
020 _a0205167322
050 0 0 _aLB 1050 McG 1995
100 1 _aMcGee, Lea M
_eAuthor
245 1 0 _aLiteracy's beginnings :
_bsupporting young readers and writers /
_cLea M. McGee, Donald J. Richgels
250 _a2nd ed.
264 _aUnited States of America:
_bAllyn& Bacon,
_c1996
300 _axvi, 460p. :
_bill.
500 _aIncludes bibliographical references and indexes.
504 _aIncludes bibliographical references and indexes.
650 0 _aReading (Early childhood)
650 0 _aLanguage arts (Early childhood)
650 0 _aLiteracy
700 1 _aRichgels, Donald J.,
_eAuthor
942 _2lcc
_cBK
_e2nd ed.
_h1050
_iMcG
_kLB